| 000 | 00380 a2200145 4500 | ||
|---|---|---|---|
| 082 | _a388 | ||
| 090 |
_c6218 _d6218 |
||
| 100 | _aOwen, Wilfred.; Bowen, Ezra | ||
| 245 |
_aWheels _bLife Science Library _cWilfred owen _hEzra Bowen _nEnglish |
||
| 250 | _a2nd Ed. | ||
| 260 |
_aHong Kong _bTime-Life Books _c1989 |
||
| 300 | _a200 | ||
| 500 | _ahardcover | ||
| 942 |
_aNBS _cBK _k338 OWE |
||
| 999 |
_c348590 _d348590 |
||